The confidential clerk : (Record no. 19427)
[ view plain ]
| 000 -LEADER | |
|---|---|
| fixed length control field | 00674nam a2200229 a 4500 |
| 001 - CONTROL NUMBER | |
| control field | 19427 |
| 003 - CONTROL NUMBER IDENTIFIER | |
| rucl marc code | BD-RjUL |
| 005 - DATE AND TIME OF LATEST TRANSACTION | |
| control field | 20211209000430.0 |
| 008 - FIXED-LENGTH DATA ELEMENTS--GENERAL INFORMATION | |
| fixed length control field | 140224s1953 enk 000 1 eng d |
| 035 ## - SYSTEM CONTROL NUMBER | |
| System control number | (BD-RjUL)19487 |
| 040 ## - CATALOGING SOURCE | |
| Original cataloging agency | LC |
| Language of cataloging | eng |
| Transcribing agency | LC |
| Modifying agency | BD-RjUL |
| 041 ## - LANGUAGE CODE | |
| Language code of text/sound track or separate title | eng |
| 082 04 - DEWEY DECIMAL CLASSIFICATION NUMBER | |
| Edition number | 20 |
| Classification number | 812.54080352 |
| Author mark and year | ELC 1953 |
| 100 1# - MAIN ENTRY--PERSONAL NAME | |
| Personal name | Eliot, T. S. |
| Fuller form of name | (Thomas Stearns), |
| Dates associated with a name | 1888-1965. |
| 9 (RLIN) | 59702 |
| 245 10 - TITLE STATEMENT | |
| Title | The confidential clerk : |
| Remainder of title | a play / |
| Statement of responsibility, etc. | by T.S. Eliot |
| 260 ## - PUBLICATION, DISTRIBUTION, ETC. (IMPRINT) | |
| Place of publication, distribution, etc. | London : |
| Name of publisher, distributor, etc. | Henry Sherek Ltd, |
| Date of publication, distribution, etc. | 1953. |
| 300 ## - PHYSICAL DESCRIPTION | |
| Pagination | 134 p. ; |
| Size | 22 cm. |
| 650 ## - SUBJECT ADDED ENTRY--TOPICAL TERM | |
| Topical term or geographic name as entry element | American drama |
| Chronological subdivision | 20th century. |
| 9 (RLIN) | 51401 |
| Topical term or geographic name as entry element | American drama. |
| 9 (RLIN) | 59703 |
| 942 ## - ADDED ENTRY ELEMENTS (KOHA) | |
| Source of classification or shelving scheme | Dewey Decimal Classification |
| Koha item type | Books |
| Lost status | Source of classification or shelving scheme | Damaged status | Not for loan | Collection code | Permanent Location | Current Location | Shelving location | Date acquired | Source of acquisition | Cost, normal purchase price | Total Checkouts | Full call number | Date last seen | Copy number | Koha item type |
|---|---|---|---|---|---|---|---|---|---|---|---|---|---|---|---|
| Dewey Decimal Classification | Not For Loan | Fiction | Central Library, University of Rajshahi | Central Library, University of Rajshahi | Reading Room | 04/08/1956 | B.S. Black Well. | 0.00 | 812.54080352 ELC 1953 | 24/02/2014 | C-1 | Books |